| 000 | 00500nam a2200193Ia 4500 | ||
|---|---|---|---|
| 003 | OSt | ||
| 005 | 20230506164709.0 | ||
| 008 | 210423s1999 xx 000 0 und d | ||
| 040 | _cAL | ||
| 041 | _aeng | ||
| 082 |
_a658.3 _223 _bBIRP |
||
| 100 |
_aBIRLA (Taneja),Ed. _999508 |
||
| 245 | _aPeople management. | ||
| 260 |
_aNew Delhi _bAll India Management Association _c1999 |
||
| 365 |
_b110 _cINR |
||
| 650 |
_aPersonnel Management _999509 |
||
| 906 | _amanagement. ; People | ||
| 942 |
_2ddc _cBK |
||
| 999 |
_c171422 _d171422 |
||